[Event "ch-Euro Blitz"]
[Site "Ajaccio FRA"]
[Date "2007.10.25"]
[Round "22"]
[White "Fridman, D2."]
[Black "Bauer, Ch"]
[Result "1/2-1/2"]
[WhiteElo "2621"]
[BlackElo "2634"]
[PlyCount "167"]
[EventDate "2007.10.25"]
[Source "www.chesslib.no"]
[SourceDate "2004.05.04"]

1. d4 c5 2. d5 Nf6 3. Nc3 Qa5 4. Bd2 b5 5. e4 b4 6. e5 bxc3 7. Bxc3 Qa4 8. exf6 gxf6 9. Nf3 Qe4+ 10. Be2 Ba6 11. Kf1 Bxe2+ 12. Qxe2 Qxd5 13. Bxf6 Rg8 14. Rd1 Qe6 15. Bc3 Qxe2+ 16. Kxe2 Rxg2 17. Rhg1 Rg6 18. Ne5 Re6 19. Kf1 f6 20. Nd3 Na6 21. Nf4 Re4 22. Nd5 Kf7 23. Rg3 Rh4 24. Kg2 d6 25. f4 f5 26. Re1 e6 27. Ne3 Rxf4 28. Rh3 h6 29. Bd2 Re4 30. Rf1 Nc7 31. b3 a5 32. Nc4 Kg6 33. Rg3+ Kh7 34. Bc3 Nd5 35. Bb2 a4 36. Kh1 axb3 37. axb3 Ra7 38. Rfg1 e5 39. Rd1 Nf4 40. Nxd6 Bxd6 41. Rxd6 Re1+ 42. Rg1 Rxg1+ 43. Kxg1 e4 44. Be5 Ng6 45. Bf6 f4 46. Kf2 h5 47. Ke2 Ra2 48. Kd2 e3+ 49. Kd3 Kh6 50. Rd5 Ra5 51. Bg5+ Kg7 52. c4 Ra3 53. Rd7+ Kf8 54. Ke2 Rxb3 55. Rd6 Kf7 56. Rf6+ Kg7 57. Rf5 Rb2+ 58. Ke1 Rb1+ 59. Ke2 Rb2+ 60. Ke1 Rf2 61. h4 f3 62. Bf6+ Kg8 63. Bg5 Re2+ 64. Kf1 Rf2+ 65. Ke1 Kg7 66. Bf6+ Kh7 67. Bg5 Re2+ 68. Kf1 Rc2 69. Rxf3 e2+ 70. Ke1 Ne5 71. Re3 Nxc4 72. Rxe2 Rxe2+ 73. Kxe2 Ne5 74. Ke3 Kg6 75. Ke4 Nf7 76. Be7 c4 77. Kd4 Kf5 78. Kxc4 Ke4 79. Kc3 Ne5 80. Kd2 Kf3 81. Ke1 Kg2 82. Ke2 Nf3 83. Bd8 Kg3 84. Be7 1/2-1/2

[Event "ch-Euro Blitz"]
[Site "Ajaccio FRA"]
[Date "2007.10.25"]
[Round "20"]
[White "Jussupow, Ar"]
[Black "Bauer, Ch"]
[Result "0-1"]
[WhiteElo "2583"]
[BlackElo "2634"]
[PlyCount "58"]
[EventDate "2007.10.25"]
[Source "www.chesslib.no"]
[SourceDate "2004.05.04"]

1. d4 c5 2. d5 Nf6 3. Nc3 Qa5 4. Bd2 b5 5. a3 a6 6. e4 Qc7 7. Qe2 d6 8. f4 Bg4 9. Nf3 Nbd7 10. h3 Bxf3 11. Qxf3 g6 12. Be2 Bg7 13. O-O O-O 14. Kh1 b4 15. Nd1 a5 16. Ne3 Nb6 17. Nc4 Nfd7 18. Rab1 a4 19. Bd3 Rab8 20. Qe2 Nf6 21. g4 e6 22. dxe6 fxe6 23. e5 dxe5 24. Nxe5 Nfd5 25. Rbe1 Qb7 26. Be4 Qc7 27. Bg2 bxa3 28. bxa3 c4 29. Ba5 Nxf4 0-1

[Event "Madrid"]
[Site "Madrid"]
[Date "1973.??.??"]
[Round "7"]
[White "Karpov, Anatoly"]
[Black "Browne, Walter S"]
[Result "1/2-1/2"]
[WhiteElo "2660"]
[BlackElo "2530"]
[PlyCount "110"]
[EventDate "1973.??.??"]
[Source "ChessBase"]

1. d4 c5 2. d5 Nf6 3. Nc3 d6 4. e4 g6 5. Nf3 Bg7 6. Be2 O-O 7. O-O Na6 8. Bf4 Nc7 9. a4 Bg4 10. h3 Bxf3 11. Bxf3 Nd7 12. Qd2 a6 13. Be2 Rb8 14. Bh6 b5 15. Bxg7 Kxg7 16. Nd1 Nf6 17. Bf3 e6 18. axb5 axb5 19. Ne3 exd5 20. exd5 Re8 21. Ra7 Re5 22. b4 c4 23. Qd4 Ra8 24. Rfa1 Rxa7 25. Rxa7 Qb8 26. g3 h5 27. Bg2 Kg8 28. g4 hxg4 29. hxg4 Nfxd5 30. Nxd5 Nxd5 31. Rd7 Qb6 32. Qxb6 Nxb6 33. Rxd6 Na4 34. Bd5 Re1+ 35. Kh2 Nc3 36. Rxg6+ Kf8 37. Rg5 Re2 38. Kg2 Rxc2 39. Rf5 Nxd5 40. Rxd5 Rb2 41. Rxb5 c3 42. Kg3 c2 43. Rc5 Rxb4 44. Rxc2 Kg7 45. Rc5 Rb3+ 46. Kf4 Rb2 47. f3 Rb3 48. Rc6 Rb4+ 49. Kg3 Rb3 50. g5 Ra3 51. Kg4 Ra4+ 52. f4 Rb4 53. Rd6 Ra4 54. Kf5 Ra1 55. Rd4 Re1 1/2-1/2

[Event "Elista ol (Men)"]
[Site "Elista"]
[Date "1998.10.09"]
[Round "10"]
[White "Vera, Reynaldo"]
[Black "Minasian, Artashes"]
[Result "1/2-1/2"]
[WhiteElo "2530"]
[BlackElo "2620"]
[PlyCount "65"]
[EventDate "1998.09.29"]
[Source "ChessBase"]
[SourceDate "1998.11.06"]

1. d4 c5 2. d5 Nf6 3. Nc3 g6 4. e4 d6 5. Nf3 Bg7 6. Bg5 O-O 7. Nd2 h6 8. Bh4 Nh5 9. Be2 Nf4 10. O-O Nd7 11. Re1 Ne5 12. Bg3 g5 13. Nc4 f5 14. exf5 Bxf5 15. Nxe5 Bxe5 16. Bxf4 gxf4 17. Bd3 Qd7 18. Rb1 Rf7 19. Ne4 Rc8 20. c4 f3 21. g3 Bh3 22. b4 b6 23. bxc5 bxc5 24. Rb3 Bg2 25. Qb1 Qh3 26. Rb8 Rxb8 27. Qxb8+ Rf8 28. Qc7 Rf5 29. Qc8+ Kg7 30. Qe8 Bh1 31. Bf1 Bg2 32. Bd3 Bh1 33. Bf1 1/2-1/2

[Event "YUG-chT 52nd"]
[Site "?"]
[Date "2000.08.28"]
[Round "5"]
[White "Sakaev Konstantin"]
[Black "Ivanovic Bozidar"]
[Result "1/2-1/2"]
[WhiteElo "2627"]
[BlackElo "2476"]
[PlyCount "40"]
[EventDate "2000.??.??"]
[Source "www.chesslib.no"]
[SourceDate "2004.05.04"]

1. d4 c5 2. d5 Nf6 3. Nc3 d6 4. e4 g6 5. Nf3 Bg7 6. Be2 O-O 7. O-O Nbd7 8. h3 a6 9. a4 Rb8 10. Nd2 Qc7 11. a5 b5 12. axb6 Nxb6 13. Ra2 Ra8 14. b3 e6 15. Nc4 exd5 16. exd5 Nxc4 17. Bxc4 Re8 18. Bb2 Bb7 19. Qd2 Qe7 20. Raa1 Ne4 1/2-1/2

[Event "Hoogovens"]
[Site "Wijk aan Zee"]
[Date "1972.??.??"]
[Round "9"]
[White "Smejkal, Jan"]
[Black "Savon, Vladimir A"]
[Result "1-0"]
[WhiteElo "2515"]
[BlackElo "2570"]
[PlyCount "111"]
[EventDate "1972.??.??"]
[Source "ChessBase"]

1. d4 c5 2. d5 Nf6 3. Nc3 e6 4. e4 exd5 5. e5 Ng8 6. Qxd5 Nc6 7. Nf3 d6 8. Bb5 Nge7 9. Qxd6 Qxd6 10. exd6 Nf5 11. Bf4 Bxd6 12. Bxd6 Nxd6 13. Bxc6+ bxc6 14. O-O-O Nb5 15. Ne4 Bg4 16. Nxc5 O-O 17. Rd3 Rfe8 18. c4 Bxf3 19. Rxf3 Nd6 20. b3 f6 21. Rd1 Nf7 22. Rfd3 Re5 23. Nb7 Re7 24. Rd7 Kf8 25. Rxe7 Kxe7 26. Nc5 Nd6 27. Re1+ Kf7 28. Re6 Rd8 29. a4 a5 30. Kb2 Nf5 31. Kc3 Nd6 32. Re3 g5 33. Rh3 Kg6 34. Rd3 Kf7 35. f3 h5 36. Na6 Ke7 37. c5 Nf5 38. Rxd8 Kxd8 39. b4 axb4+ 40. Nxb4 Kc7 41. Nc2 Nh4 42. Ne1 Kb7 43. Kd4 Nf5+ 44. Ke4 Ne7 45. f4 g4 46. Nd3 Ka6 47. Nb4+ Ka5 48. Nxc6+ Nxc6 49. Kd5 Nb4+ 50. Kd6 Na6 51. c6 Kb6 52. a5+ Ka7 53. f5 Kb8 54. Ke6 Nb4 55. Kxf6 Nxc6 56. Kg7 1-0

[Event "IBM"]
[Site "Amsterdam"]
[Date "1977.??.??"]
[Round "10"]
[White "Sosonko, Gennadi"]
[Black "Torre, Eugenio"]
[Result "0-1"]
[WhiteElo "2530"]
[BlackElo "2550"]
[PlyCount "70"]
[EventDate "1977.06.??"]
[Source "ChessBase"]

1. d4 c5 2. d5 Nf6 3. Nc3 g6 4. e4 d6 5. Nf3 Bg7 6. Be2 O-O 7. O-O Na6 8. h3 Nc7 9. Re1 b6 10. Bf4 Bb7 11. Bc4 a6 12. a4 Nh5 13. Bh2 Qd7 14. e5 b5 15. Bf1 f5 16. axb5 axb5 17. Rxa8 Rxa8 18. g4 fxg4 19. exd6 exd6 20. Ng5 g3 21. Bxg3 Nxg3 22. fxg3 Rf8 23. Bg2 b4 24. Nce4 Nxd5 25. Kh2 Bxb2 26. Nxh7 Kxh7 27. Ng5+ Kh8 28. Bxd5 Rf2+ 29. Kh1 Rf5 30. Bxb7 Qxb7+ 31. Ne4 Re5 32. Qf3 Qe7 33. Qf4 Kg7 34. Qf3 d5 35. Qb3 Bd4 0-1

[Event "Monarch Assurance"]
[Site "Port Erin"]
[Date "2004.10.02"]
[Round "8"]
[White "Pert, Richard"]
[Black "Smirin, Ilia"]
[Result "0-1"]
[WhiteElo "2407"]
[BlackElo "2671"]
[PlyCount "82"]
[EventDate "2004.09.25"]
[Source "Roberto Alvarez"]
[SourceDate "2004.10.05"]

1. d4 c5 2. d5 Nf6 3. Nc3 g6 4. e4 d6 5. Be2 Bg7 6. Nf3 O-O 7. O-O Na6 8. Bf4 Nc7 9. a4 Bg4 10. h3 Bxf3 11. Bxf3 Nd7 12. Qd2 Re8 13. Be2 Rb8 14. Bg5 a6 15. a5 b6 16. axb6 Rxb6 17. Ra2 Rb4 18. f3 Qc8 19. Nd1 Rb8 20. c3 e6 21. dxe6 Nxe6 22. Rxa6 d5 23. Ra7 Nxg5 24. Qxg5 Nf6 25. e5 c4 26. Rf2 Qc5 27. Ra1 Nd7 28. f4 f6 29. Qg4 Re7 30. Kf1 fxe5 31. fxe5 Bxe5 32. Ra6 Rbe8 33. g3 Nf6 34. Rfxf6 Bxf6 35. Rxf6 Rxe2 36. Rxg6+ Kh8 37. Rg8+ Rxg8 38. Qxe2 Qd6 39. g4 Qg3 40. Nf2 Rf8 41. Qd2 Qxh3+ 0-1

[Event "Finjub30 GM1"]
[Site "Finjub30 GM1"]
[Date "1992.??.??"]
[Round "?"]
[White "Morgado, Juan Sebastian"]
[Black "McAlpine, Kenneth B"]
[Result "1/2-1/2"]
[WhiteElo "2500"]
[BlackElo "2555"]
[PlyCount "23"]
[EventDate "1992.??.??"]
[Source "www.chesslib.no"]
[SourceDate "2004.05.04"]

1. d4 c5 2. d5 Nf6 3. Nc3 d6 4. e4 g6 5. Nf3 Bg7 6. Bb5+ Nfd7 7. a4 Na6 8. O-O Nc7 9. Bc4 O-O 10. Re1 b6 11. Bf4 Ne5 12. Nxe5 1/2-1/2

[Event "Korchnoi"]
[Site "?"]
[Date "2001.??.??"]
[Round "?"]
[White "Chepukaitis, G."]
[Black "Korchnoi, V."]
[Result "0-1"]
[WhiteElo "2415"]
[BlackElo "2635"]
[PlyCount "106"]
[EventDate "2001.??.??"]
[Source "www.chesslib.no"]
[SourceDate "2004.05.04"]

1. d4 c5 2. d5 Nf6 3. Nc3 d6 4. e4 a6 5. f4 g6 6. e5 dxe5 7. fxe5 Ng4 8. Nf3 Bg7 9. Bf4 Qb6 10. Rb1 Nd7 11. Qe2 Qb4 12. Bg3 O-O 13. h3 Nh6 14. a3 Qa5 15. Bf4 Nf5 16. Qd2 Nd4 17. Nxd4 cxd4 18. Qxd4 Qc7 19. d6 exd6 20. Qxd6 Qa5 21. Qd5 Qxd5 22. Nxd5 Bxe5 23. Bxe5 Nxe5 24. Nb6 Rb8 25. Rd1 Bf5 26. c4 Rfe8 27. Kf2 Re6 28. c5 Rbe8 29. Rd2 Rf6 30. Nd5 Rc6 31. b4 Be4 32. Nc3 Rf6+ 33. Kg3 Bc6 34. Be2 h5 35. Rf1 Rxf1 36. Bxf1 Nc4 37. Re2 Rxe2 38. Bxe2 Nxa3 39. Bd3 Kg7 40. h4 Kf6 41. Kf4 Bxg2 42. Ne4+ Ke7 43. Ke5 Nb5 44. Nf6 Nc7 45. Bc4 Bc6 46. Ng8+ Kf8 47. Nf6 Kg7 48. Bb3 Ne8 49. Nd5 f6+ 50. Ke6 g5 51. Ne7 Nc7+ 52. Kd6 Nb5+ 53. Ke6 gxh4 0-1

[Event "Alushta1"]
[Site "Alushta"]
[Date "1994.??.??"]
[Round "3"]
[White "Moskalenko, Viktor"]
[Black "Kuzmin, Gennadi P"]
[Result "1/2-1/2"]
[WhiteElo "2535"]
[BlackElo "2505"]
[PlyCount "82"]
[EventDate "1994.01.??"]
[Source "ChessBase"]

1. d4 c5 2. d5 Nf6 3. Nc3 d6 4. e4 g6 5. Nf3 Bg7 6. Be2 O-O 7. O-O Bg4 8. Nd2 Bxe2 9. Qxe2 Na6 10. Nc4 Nc7 11. a4 e6 12. Bg5 exd5 13. Nxd5 Ncxd5 14. exd5 Qd7 15. Bxf6 Bxf6 16. Qf3 Bg7 17. c3 Rae8 18. Rfe1 Qxa4 19. Nxd6 Rxe1+ 20. Rxe1 Qa2 21. g3 Qa6 22. Ne8 Qb5 23. Qe2 Qxe2 24. Rxe2 f5 25. Re7 Rf7 26. Rxf7 Kxf7 27. Nd6+ Kf6 28. Nxb7 Ke5 29. c4 Kd4 30. b3 Bf8 31. d6 Bxd6 32. Nxd6 Kc3 33. Nb7 Kxb3 34. Nxc5+ Kxc4 35. Nb7 Kb5 36. Kf1 a5 37. Ke2 a4 38. Kd3 Kb4 39. Kc2 Kc4 40. f4 Kd4 41. Nd6 Ke3 1/2-1/2

[Event "JUG-ch53"]
[Site "Belgrade "]
[Date "1998.03.22"]
[Round "9"]
[White "Tosic, Miroslav"]
[Black "Velimirovic, Dragoljub"]
[Result "1/2-1/2"]
[WhiteElo "2505"]
[BlackElo "2535"]
[PlyCount "87"]
[EventDate "1998.03.14"]
[Source "ChessBase"]
[SourceDate "1998.06.15"]

1. d4 c5 2. d5 Nf6 3. Nc3 g6 4. g3 Bg7 5. Bg2 d6 6. a4 O-O 7. Nf3 Na6 8. O-O Nc7 9. Re1 b6 10. e4 Bg4 11. Bf4 Nd7 12. Qd2 Bxf3 13. Bxf3 a6 14. Bh6 Ne5 15. Be2 Bxh6 16. Qxh6 f6 17. Kg2 Qd7 18. f4 Ng4 19. Bxg4 Qxg4 20. Nd1 Qd7 21. Ne3 e6 22. Nc4 Rab8 23. dxe6 Qxe6 24. b3 b5 25. axb5 axb5 26. Nd2 Ra8 27. Rxa8 Rxa8 28. Nf3 Ra2 29. Re2 Nd5 30. f5 gxf5 31. Ng5 Qe7 32. Nxh7 fxe4 33. Qg6+ Kh8 34. Rxe4 Rxc2+ 35. Kf3 Rc3+ 36. Kf2 Rc2+ 37. Ke1 Rc1+ 38. Kf2 Rc2+ 39. Kg1 Rc1+ 40. Kg2 Rc2+ 41. Kf3 Rc3+ 42. Kf2 Rc2+ 43. Ke1 Rc1+ 44. Kf2 1/2-1/2

[Event "Cuba (ch)"]
[Site "?"]
[Date "1990.??.??"]
[Round "?"]
[White "Nogueiras, J."]
[Black "Vera, R."]
[Result "1/2-1/2"]
[WhiteElo "2550"]
[BlackElo "2485"]
[PlyCount "75"]
[EventDate "1990.??.??"]
[Source "ChessBase"]
[SourceDate "1990.07.01"]

1. d4 c5 2. d5 Nf6 3. Nc3 d6 4. e4 g6 5. Nf3 Bg7 6. Bb5+ Nbd7 7. a4 O-O 8. O-O a6 9. Bd3 Rb8 10. Bf4 Ng4 11. Qd2 Nde5 12. Nxe5 Nxe5 13. Be2 f5 14. exf5 Bxf5 15. Rac1 Qb6 16. Nd1 Bd7 17. b3 Rbc8 18. Bh6 Bxh6 19. Qxh6 c4 20. Qe3 Qc5 21. Qxc5 Rxc5 22. Ne3 cxb3 23. cxb3 Rfc8 24. Rxc5 Rxc5 25. f4 Nf7 26. Kf2 Rc3 27. Rb1 Kg7 28. h4 h5 29. a5 Nh6 30. Bc4 Nf5 31. Nxf5+ Bxf5 32. Re1 Kf6 33. Re3 Rc1 34. Re1 Rc2+ 35. Re2 Rc1 36. Re1 Rc2+ 37. Re2 Rc1 38. Re1 1/2-1/2

[Event "BCF Ch"]
[Site "Eastbourne"]
[Date "1990.??.??"]
[Round "?"]
[White "Conquest, Stuart"]
[Black "Hodgson, Julian M"]
[Result "1-0"]
[WhiteElo "2465"]
[BlackElo "2540"]
[PlyCount "69"]
[EventDate "1990.07.??"]
[Source "www.chesslib.no"]
[SourceDate "2004.05.04"]

1. d4 c5 2. d5 Nf6 3. Nc3 g6 4. e4 d6 5. Nf3 Bg7 6. Be2 O-O 7. O-O Na6 8. Bg5 Nc7 9. a4 Rb8 10. Re1 h6 11. Bf4 a6 12. a5 b5 13. axb6 Rxb6 14. Qc1 g5 15. Be3 Rb4 16. Bd3 e6 17. dxe6 fxe6 18. e5 Nfd5 19. exd6 Qxd6 20. Ne4 Qc6 21. c3 Rb8 22. Bxc5 Rxf3 23. gxf3 Nf4 24. Bf1 Ng6 25. Qd1 Nd5 26. c4 Ndf4 27. Qd8+ Kh7 28. Rad1 Nh4 29. Re3 Rxb2 30. Nf6+ Kg6 31. Bd4 Rb7 32. Ng4 Nxf3+ 33. Rxf3 Qxf3 34. Ne3 Bd7 35. Bxg7 1-0

[Event "Oberwart op"]
[Site "?"]
[Date "2000.??.??"]
[Round "9"]
[White "Almasi Istvan"]
[Black "Lerner Konstantin Z"]
[Result "0-1"]
[WhiteElo "2420"]
[BlackElo "2575"]
[PlyCount "58"]
[EventDate "2000.??.??"]
[Source "www.chesslib.no"]
[SourceDate "2004.05.04"]

1. d4 c5 2. d5 Nf6 3. Nc3 d6 4. e4 g6 5. Be2 Bg7 6. Nf3 O-O 7. Nd2 Na6 8. O-O Nc7 9. a4 b6 10. Nc4 Ba6 11. h3 Nd7 12. Bf4 f5 13. e5 Bxc4 14. exd6 exd6 15. Bxc4 Ne5 16. Bxe5 Bxe5 17. f4 Bd4+ 18. Kh1 Re8 19. Qd2 a6 20. Nd1 Qh4 21. c3 Bg7 22. Bd3 Qg3 23. Rf3 Re1+ 24. Bf1 Qh4 25. Kh2 Rae8 26. Ra3 Bh6 27. Rb3 R8e4 28. g3 Qh5 29. c4 Rxf1 0-1

[Event "YUG team ch."]
[Site "?"]
[Date "2002.??.??"]
[Round "?"]
[White "Jeremic Veljko"]
[Black "Ivanovic Bozidar"]
[Result "0-1"]
[WhiteElo "2490"]
[BlackElo "2495"]
[PlyCount "112"]
[EventDate "2002.??.??"]
[Source "www.chesslib.no"]
[SourceDate "2004.05.04"]

1. d4 c5 2. d5 Nf6 3. Nf3 g6 4. c4 Bg7 5. Nc3 d6 6. e4 O-O 7. Nd2 e6 8. Be2 a6 9. a4 Re8 10. O-O Nbd7 11. Qc2 Rb8 12. f4 Qc7 13. dxe6 fxe6 14. Nf3 b6 15. f5 Nf8 16. fxg6 Nxg6 17. e5 dxe5 18. Ng5 Bb7 19. Bd3 e4 20. Bxe4 Nxe4 21. Ncxe4 Rf8 22. Bd2 Bd4+ 23. Kh1 Qe5 24. Rae1 Rxf1+ 25. Rxf1 Rf8 26. Rxf8+ Nxf8 27. Ng3 Ng6 28. Qd3 Qf6 29. N5e4 Qe5 30. Ng5 Bc6 31. b3 Bf2 32. Qf1 Qd4 33. Be1 Qe3 34. Qxf2 Qxg5 35. Ne2 Qe5 36. Bc3 Qe4 37. Ng1 e5 38. Qg3 Kf7 39. Qf3+ Ke6 40. a5 bxa5 41. Bxa5 Qxf3 42. Nxf3 Bxf3 43. gxf3 Nh4 44. f4 exf4 45. b4 cxb4 46. Bxb4 Nf3 47. Kg2 Ne5 48. c5 Kf5 49. Bc3 Ke4 50. Kf2 Nc6 51. Ke2 a5 52. h4 h5 53. Bb2 a4 54. Ba3 Nd4+ 55. Kf2 Kd5 56. Bc1 Ne6 0-1

[Event "Oakham"]
[Site "Oakham ENG"]
[Date "1994.??.??"]
[Round "8"]
[White "Wells, Peter K"]
[Black "Conquest, Stuart"]
[Result "1-0"]
[WhiteElo "2490"]
[BlackElo "2495"]
[PlyCount "121"]
[EventDate "1994.??.??"]
[Source "www.chesslib.no"]
[SourceDate "2004.05.04"]

1. d4 c5 2. d5 Nf6 3. Nc3 d6 4. e4 g6 5. Bb5+ Nbd7 6. a4 Bg7 7. Nf3 O-O 8. O-O a6 9. Be2 b6 10. Re1 Rb8 11. Bf1 Qc7 12. Bf4 Ne5 13. h3 Nxf3+ 14. Qxf3 Nd7 15. Rad1 c4 16. Qe3 Re8 17. Rb1 Bb7 18. Qd2 Rbd8 19. Be3 e6 20. dxe6 fxe6 21. Bd4 Bf8 22. h4 Rc8 23. h5 Qd8 24. hxg6 hxg6 25. Be3 Ne5 26. Rbd1 Nf7 27. f4 Bg7 28. Qf2 Rc6 29. Be2 Kh7 30. e5 d5 31. Bf3 Rh8 32. Ne2 Qe7 33. Nd4 Rc7 34. g3 Nh6 35. Kg2 Kg8 36. Rh1 Bc8 37. g4 Bd7 38. c3 Rc8 39. g5 Nf7 40. Bg4 Rxh1 41. Rxh1 Nd8 42. Qh4 Kf8 43. Qh7 Qf7 44. Rf1 Ke7 45. Nf3 Be8 46. Nh4 Kd7 47. Bxb6 Rb8 48. a5 Rb7 49. Kg3 Nc6 50. Nf3 Kc8 51. Qh3 Bd7 52. Qg2 Rb8 53. Rh1 Kb7 54. Qd2 Bf8 55. Nd4 Be7 56. Nxc6 Bxc6 57. Bd4 Ka8 58. Bf2 d4 59. Qxd4 Bxg5 60. Re1 Bh6 61. Qxc4 1-0

[Event "JUG-Cup"]
[Site "Svetozarevo"]
[Date "1990.??.??"]
[Round "?"]
[White "Rajkovic, Dusan"]
[Black "Velimirovic, Dragoljub"]
[Result "0-1"]
[WhiteElo "2460"]
[BlackElo "2525"]
[PlyCount "80"]
[EventDate "1990.??.??"]
[Source "www.chesslib.no"]
[SourceDate "2004.05.04"]

1. d4 c5 2. d5 Nf6 3. Nc3 d6 4. e4 g6 5. Bb5+ Nfd7 6. a4 Bg7 7. Nf3 Na6 8. O-O Nc7 9. Re1 Nxb5 10. axb5 O-O 11. Bf4 Nb6 12. h3 f6 13. Qd3 Qc7 14. Ra3 Bd7 15. Rea1 f5 16. Ng5 h6 17. Ne6 Bxe6 18. dxe6 g5 19. Bd2 fxe4 20. Qxe4 d5 21. Qe2 Rf5 22. Rxa7 Raf8 23. Rf1 Nc4 24. Bc1 Nd6 25. Ra1 d4 26. Nb1 c4 27. Na3 Re5 28. Qg4 Re4 29. f4 Qc5 30. Qh5 d3+ 31. Kh2 Re2 32. cxd3 cxd3 33. Nb1 Nf5 34. Nc3 Ng3 35. Qf7+ Rxf7 36. exf7+ Kxf7 37. Kxg3 Bxc3 38. bxc3 d2 39. Ba3 Qe3+ 40. Kh2 gxf4 0-1

[Event "ARM-ch 63rd"]
[Site "Yerevan"]
[Date "2003.09.19"]
[Round "4"]
[White "Sargissian, Gabriel"]
[Black "Harutjunyan, Gevorg"]
[Result "1-0"]
[WhiteElo "2600"]
[BlackElo "2380"]
[PlyCount "69"]
[EventDate "2003.09.16"]
[Source "ChessBase"]
[SourceDate "2003.10.22"]

1. d4 c5 2. d5 Nf6 3. Nc3 g6 4. e4 d6 5. Nf3 Bg7 6. Bb5+ Nbd7 7. a4 O-O 8. O-O a6 9. Be2 b6 10. Re1 Qc7 11. h3 Bb7 12. Bf4 h6 13. Bf1 Ne8 14. Bg3 Kh7 15. Nd2 Rd8 16. f4 e6 17. dxe6 fxe6 18. Bd3 Bd4+ 19. Kh1 Ng7 20. Bh2 Qc6 21. Qe2 Nb8 22. Nf3 Rde8 23. Nh4 e5 24. Qg4 c4 25. Qxg6+ Kh8 26. Qxh6+ Kg8 27. Bf1 exf4 28. Ng6 Rf6 29. Nd5 Rfe6 30. Ndxf4 Rf6 31. Nd5 Rfe6 32. c3 Be5 33. Be2 Bxh2 34. Kxh2 Rxe4 35. Rf1 1-0

[Event "Vrnjacka Banja"]
[Site "Vrnjacka Banja"]
[Date "1991.??.??"]
[Round "3"]
[White "Topalov, Veselin"]
[Black "Velimirovic, Dragoljub"]
[Result "1-0"]
[WhiteElo "2455"]
[BlackElo "2520"]
[PlyCount "51"]
[EventDate "1991.04.??"]
[Source "ChessBase"]

1. d4 c5 2. d5 Nf6 3. Nc3 g6 4. e4 d6 5. Nf3 Bg7 6. Bb5+ Nfd7 7. a4 Na6 8. O-O Nc7 9. Bc4 O-O 10. Re1 a6 11. Bf4 Rb8 12. Qd3 b5 13. axb5 Nb6 14. bxa6 Nxc4 15. Qxc4 Rxb2 16. a7 Ba6 17. Rxa6 Nxa6 18. Na4 Rb4 19. Qxa6 Qc8 20. Nxc5 Bc3 21. Rd1 dxc5 22. Qc6 Kg7 23. h3 Qxc6 24. dxc6 Rc8 25. c7 e5 26. Rd8 1-0

[Event "It (Men) Rome ITA"]
[Site "?"]
[Date "2005.09.10"]
[Round "7"]
[White "Romanishin Oleg M"]
[Black "Piscopo Pierluigi"]
[Result "1-0"]
[WhiteElo "2570"]
[BlackElo "2389"]
[PlyCount "67"]
[EventDate "2005.??.??"]
[Source "www.chesslib.no"]
[SourceDate "2004.05.04"]

1. d4 c5 2. d5 Nf6 3. Nf3 e6 4. Nc3 Nxd5 5. Nxd5 exd5 6. Qxd5 Be7 7. e4 O-O 8. c3 d6 9. Bf4 Nd7 10. Qd2 Nf6 11. Bd3 Bg4 12. O-O d5 13. e5 Nh5 14. Be3 Bxf3 15. gxf3 f5 16. f4 Qe8 17. Be2 Rd8 18. Qd1 g6 19. Bf3 d4 20. cxd4 cxd4 21. Bd2 b6 22. Rc1 Kh8 23. Rc7 a5 24. Qb3 Rb8 25. Bc6 Qd8 26. Rd7 Qe8 27. Qd5 Rd8 28. Rc1 Rxd7 29. Bxd7 Qd8 30. Qxd4 Bc5 31. Qd5 Qh4 32. Qf3 Rd8 33. e6 Nf6 34. Rxc5 1-0

[Event "XVIII Camp. europeo U18"]
[Site "Herceg Novi MNE"]
[Date "2008.09.22"]
[Round "7.3"]
[White "Kopylov, Alexander A"]
[Black "Salgado Lopez, Ivan"]
[Result "1-0"]
[WhiteElo "2421"]
[BlackElo "2532"]
[PlyCount "115"]
[EventDate "2008.09.15"]
[Source "www.chesslib.no"]
[SourceDate "2004.05.04"]

1. d4 c5 2. d5 Nf6 3. Nc3 g6 4. Nf3 d6 5. Nd2 Bg7 6. e4 O-O 7. Be2 Na6 8. O-O Nc7 9. a4 Rb8 10. Nc4 b6 11. Bf4 Ba6 12. Re1 Nd7 13. Qd2 Bxc4 14. Bxc4 a6 15. Bh6 b5 16. axb5 axb5 17. Bf1 f5 18. Bxg7 Kxg7 19. b4 cxb4 20. Ne2 fxe4 21. Nd4 Ra8 22. Nc6 Qe8 23. Rxa8 Qxa8 24. Rxe4 e5 25. Rh4 Rf7 26. Qxb4 Qf8 27. Qd2 Nf6 28. g3 h5 29. h3 Qa8 30. Bg2 Qa1+ 31. Kh2 Ncxd5 32. Nd8 Qc3 33. Qxc3 Nxc3 34. Nxf7 Kxf7 35. Rb4 d5 36. Rb3 d4 37. Bc6 Ke6 38. Bxb5 g5 39. Ba6 e4 40. Kg2 h4 41. Rb6+ Kf5 42. Bc8+ Kg6 43. gxh4 gxh4 44. Rb4 d3 45. cxd3 exd3 46. Rd4 Ne2 47. Rd6 Nf4+ 48. Kf3 N4d5 49. Ra6 Nc3 50. Ke3 Nd1+ 51. Kxd3 Nxf2+ 52. Kd4 Kg5 53. Ra5+ Kg6 54. Bf5+ Kh6 55. Ke5 Nh5 56. Ra6+ Kg7 57. Rg6+ Kf8 58. Rh6 1-0

[Event "Pirc Memorial"]
[Site "Maribor"]
[Date "1993.??.??"]
[Round "?"]
[White "Gostisa, Leon"]
[Black "Cebalo, Miso"]
[Result "0-1"]
[WhiteElo "2460"]
[BlackElo "2485"]
[PlyCount "56"]
[EventDate "1993.02.??"]
[Source "www.chesslib.no"]
[SourceDate "2004.05.04"]

1. d4 c5 2. d5 Nf6 3. Nf3 g6 4. Nc3 Bg7 5. e4 O-O 6. Be2 d6 7. O-O Na6 8. Re1 Nc7 9. a4 b6 10. Bf4 Bb7 11. h3 a6 12. Bf1 Re8 13. Bh2 e6 14. dxe6 Nxe6 15. Qxd6 Nd4 16. Nxd4 cxd4 17. Nd5 Qxd6 18. Bxd6 Nxe4 19. Rxe4 Rxe4 20. Nxb6 Rae8 21. f3 R4e6 22. Nc4 Bd5 23. Bg3 Rc8 24. Na3 d3 25. c3 Rb6 26. Bxd3 Rxb2 27. Bxa6 Rxc3 28. Rd1 Rxg2+ 0-1

[Event "Cutro"]
[Site "?"]
[Date "1997.??.??"]
[Round "?"]
[White "Bellon Lopez Juan Manuel"]
[Black "Cabrilo Goran"]
[Result "1/2-1/2"]
[WhiteElo "2465"]
[BlackElo "2475"]
[PlyCount "48"]
[EventDate "1997.??.??"]
[Source "www.chesslib.no"]
[SourceDate "2004.05.04"]

1. d4 c5 2. d5 Nf6 3. Nf3 g6 4. c4 Bg7 5. Nc3 O-O 6. h3 e6 7. e4 exd5 8. exd5 Re8+ 9. Be2 d6 10. O-O Bf5 11. Bf4 Ne4 12. Nxe4 Bxe4 13. Bd3 Qf6 14. Be5 dxe5 15. Bxe4 Qd6 16. Qb3 b6 17. g4 Nd7 18. Rad1 Nf6 19. Qe3 Nxe4 20. Qxe4 Rf8 21. g5 Rae8 22. Nh2 Qd8 23. Nf3 Qd6 24. Nh2 Qd8 1/2-1/2

[Event "Canadian Open"]
[Site "?"]
[Date "2004.07.12"]
[Round "4"]
[White "Gokhale Chandrashekhar"]
[Black "Kunte Abhijit"]
[Result "1/2-1/2"]
[WhiteElo "2407"]
[BlackElo "2532"]
[PlyCount "21"]
[EventDate "2004.??.??"]
[Source "www.chesslib.no"]
[SourceDate "2004.05.04"]

1. d4 c5 2. d5 Nf6 3. Nf3 g6 4. g3 Bg7 5. Bg2 O-O 6. O-O d6 7. Nc3 Na6 8. Re1 Nc7 9. a4 a6 10. h3 Rb8 11. e4 1/2-1/2

[Event "Casino Open"]
[Site "?"]
[Date "1999.04.03"]
[Round "3"]
[White "Jurek Josef"]
[Black "Hickl Joerg"]
[Result "1/2-1/2"]
[WhiteElo "2362"]
[BlackElo "2575"]
[PlyCount "73"]
[EventDate "1999.??.??"]
[Source "www.chesslib.no"]
[SourceDate "2004.05.04"]

1. d4 c5 2. d5 Nf6 3. Nc3 g6 4. e4 d6 5. Nf3 Bg7 6. Be2 O-O 7. O-O Na6 8. h3 Nc7 9. a4 b6 10. Bf4 Bb7 11. Re1 a6 12. Bc4 Qd7 13. Qd3 Rad8 14. Rad1 Qc8 15. Qf1 Rfe8 16. Rd2 Nh5 17. Bh2 Bh6 18. Rdd1 Nf4 19. e5 Rf8 20. exd6 exd6 21. Re7 Rd7 22. Qe1 Re8 23. Rxe8+ Nxe8 24. Kf1 Kg7 25. Ne4 Re7 26. Qc3+ Kg8 27. Nf6+ Nxf6 28. Qxf6 Re4 29. b3 Qf8 30. Ng5 Bg7 31. Nxe4 Bxf6 32. Nxf6+ Kg7 33. Nxh7 Kxh7 34. Bxf4 Qe7 35. Re1 Qf6 36. Bg3 b5 37. axb5 1/2-1/2